Rozpoznaj reżysera po jego najsłynniejszym filmie - Statystyki

Ogólne statystyki
  • Ten quiz został rozwiązany 123 razy
    118 od ostatniego zresetowania
  • Średni wynik to 23 z 73
Statystyki odpowiedzi
Film Aktor Reżyser % Poprawnych
Pulp Fiction John Travolta Quentin Tarantino
83%
Ojciec Chrzestny Marlon Brando Francis Ford Coppola
76%
Ziemia Obiecana Daniel Olbrychski Andrzej Wajda
74%
Chłopcy z ferajny Ray Liotta Martin Scorsese
71%
Szczęki Roy Scheider Steven Spielberg
71%
Władca Pierścieni Viggo Mortensen Peter Jackson
70%
Nóż w wodzie Leon Niemczyk Roman Polański
70%
Vabank Jan Machulski Juliusz Machulski
69%
Dyktator Charlie Chaplin Charlie Chaplin
65%
Siedmiu samurajów Toshirô Mifune Akira Kurosawa
64%
Psy Bogusław Linda Władysław Pasikowski
63%
Gladiator Russell Crowe Ridley Scott
58%
O północy w Paryżu Owen Wilson Woody Allen
56%
Krótki film o zabijaniu Mirosław Baka Krzysztof Kieślowski
54%
Grand Budapest Hotel Ralph Fiennes Wes Anderson
54%
Lot nad kukułczym gniazdem Jack Nicholson Milos Forman
49%
To nie jest kraj dla starych ludzi Javier Bardem Ethan/Joel Coen
46%
Fight Club Brad Pitt David Fincher
42%
Dawno temu w Ameryce Robert De Niro Sergio Leone
42%
Psychoza Anthony Perkins Alfred Hitchcock
40%
Czarny łabędź Natalie Portman Darren Aronofsky
40%
Blue Velvet Dennis Hopper David Lynch
40%
Przełęcz Ocalonych Andrew Garfield Mel Gibson
40%
Leon Zawodowiec Jean Reno Luc Besson
39%
Pluton Charlie Sheen Oliver Stone
39%
Aż poleje się krew Daniel Day-Lewis Paul Thomas Anderson
38%
Forrest Gump Tom Hanks Robert Zemeckis
38%
Barwy ochronne Zbigniew Zapasiewicz Krzysztof Zanussi
37%
American Beauty Kevin Spacey Sam Mendes
37%
Terminator Arnold Schwarzenegger James Cameron
36%
Ból i blask Antonio Banderas Pedro Almodovar
36%
Stalker Aleksandr Kaydanovskiy Andriej Tarkowski
35%
Sól ziemi czarnej Olgierd Łukaszewicz Kazimierz Kutz
35%
La Strada Anthony Quinn Federico Fellini
34%
Bez przebaczenia Gene Hackman Clint Eastwood
33%
Faraon Jerzy Zelnik Jerzy Kawalerowicz
26%
BlacKkKlansman. Czarne Bractwo John David Washington Spike Lee
26%
Dług Andrzej Chyra Krzysztof Krauze
25%
Truman Show Jim Carrey Peter Weir
25%
Zezowate szczęście Bogumił Kobiela Andrzej Munk
22%
Całkowite zaćmienie Leonardo DiCaprio Agnieszka Holland
21%
Łowca jeleni Robert De Niro Michael Cimino
21%
Lawrence z Arabii Peter O'Toole David Lean
20%
Funny Games Arno Fisch Michael Haneke
20%
Ostatni cesarz Peter O'Toole Bernardo Bertolucci
18%
Wodzirej Jerzy Stuhr Feliks Falk
18%
M.A.S.H Donald Sutherland Robert Altman
18%
Milczenie owiec Anthony Hopkins Jonathan Demme
17%
Cienka czerwona linia Jim Caviezel Terence Malick
17%
Garsoniera Jack Lemmon Billy Wilder
16%
Fitzcarraldo Klaus Kinski Werner Herzog
16%
Zwyczajni ludzie Donald Sutherland Robert Redford
15%
Pieskie popołudnie Al Pacino Sidney Lumet
15%
Angielski pacjent Ralph Fiennes Anthony Minghella
12%
To wspaniałe życie James Stewart Frank Capra
12%
Nienawiść Vincent Cassell Mathieu Kassovitz
12%
Absolwent Dustin Hoffman Mike Nichols
12%
Swobodny jeździec Peter Fonda Dennis Hopper
11%
Zapach kobiety Al Pacino Martin Brest
11%
Żądło Robert Redford George Roy Hill
10%
Grona gniewu Henry Fonda John Ford
10%
Czerwoni Jack Nicholson Warren Beatty
10%
Senna *Dokument* Asif Kapadia
9%
Zabawy z bronią *Dokument* Michael Moore
9%
Bonnie i Clyde Warren Beatty Arthur Penn
8%
Na nabrzeżach Marlon Brando Elia Kazan
7%
Blues Brothers John Belushi John Landis
6%
Rocky Sylvester Stallone John Avildsen
4%
Stąd do wieczności Burt Lancaster Fred Zinneman
3%
Nocny Kowboj Jon Voight John Schlesinger
3%
Amerykanin w Paryżu Gene Kelly Vincente Minnelli
3%
Z zimną krwią Robert Blake Richard Brooks
2%
Dracula Bela Lugosi James Whale
0%
Nie znaleziono quizów pasujących do podanych kryteriów
Rozkład punktacji
Procent ludzi z każdym wynikiem
Percentyl według liczby udzielonych odpowiedzi
Twoja historia wyników
Nie rozwiązałeś tego quizu od ostatniego zresetowania